France Picture Decoder - Statistics

General Stats
  • This quiz has been taken 178 times
  • The average score is 17 of 24
Answer Stats
Letter Clue Answer % Correct
A Mountain range Alps
97%
L Museum Louvre
90%
N Monument Notre-Dame
90%
E Monument Eiffel Tower
89%
F Currency Franc
86%
L King Louis XIV
85%
E Food Escargots
84%
N City Nice
84%
N Region Normandy
84%
A Fictional character Asterix
81%
T Historical period Reign of {Terror}
81%
P Singer Edith Piaf
73%
L City Lyon
71%
I Former colony Indochina
70%
A Movie Amélie
68%
D Actor Gérard Depardieu
67%
R Food Ratatouille
66%
S President Nicolas Sarkozy
64%
A Former colony Algeria
63%
O Region Occitanie
50%
E Intellectual movement Enlightenment
47%
T City Toulouse
42%
S Fictional character Spirou
38%
Quote: Allons enfants de la Patrie !
29%
No matching quizzes found
Score Distribution
Percent of People with Each Score
Percentile by Number Answered
Your Score History
You have not taken this quiz